| 000 | 00641nam a2200181Ia 4500 | ||
|---|---|---|---|
| 003 | IN-BaIIA | ||
| 008 | 211028s9999 xx 000 0 eng d | ||
| 040 | _cIIA Library | ||
| 080 |
_a083.8:524.3 _bKUK |
||
| 100 |
_aKukarkin, B. V. _96422 |
||
| 245 | 0 |
_aGeneral catalogue of variable stars _bvol. 1 _cB. V. Kukarkin |
|
| 260 |
_aMoscow _bAstronomical Council of the Academy of Scinces in the USSR _c1969 |
||
| 300 | _a[various pagings.] | ||
| 650 | _aAstronomy and astrophysics thesaurus | ||
| 650 |
_aCatalogue - variable stars _96423 |
||
| 650 |
_aVariable stars catalouge _910460 |
||
| 942 | _cBK | ||
| 999 |
_c6033 _d6033 |
||